The double burden of malnutrition : Case studies from six developing countries
Saved in:
| Format: | Book |
|---|---|
| Language: | Undetermined |
| Published: |
Rome
FAO
2006
|
| Subjects: | |
| Tags: |
Add Tag
No Tags, Be the first to tag this record!
|
| Institutions: | Trung tâm Học liệu Trường Đại học Cần Thơ |
|---|
| LEADER | 00476nam a2200181Ia 4500 | ||
|---|---|---|---|
| 001 | CTU_104938 | ||
| 008 | 210402s9999 xx 000 0 und d | ||
| 082 | |a 616.39095 | ||
| 082 | |b D727 | ||
| 245 | 4 | |a The double burden of malnutrition : | |
| 245 | 0 | |b Case studies from six developing countries | |
| 260 | |a Rome | ||
| 260 | |b FAO | ||
| 260 | |c 2006 | ||
| 650 | |a Malnutrition | ||
| 650 | |z Asia | ||
| 904 | |i Minh | ||
| 980 | |a Trung tâm Học liệu Trường Đại học Cần Thơ | ||